The Vicious Vikings / (Record no. 5074)
[ view plain ]
| 000 -LEADER | |
|---|---|
| fixed length control field | 01416nam a22003017a 4500 |
| 001 - CONTROL NUMBER | |
| control field | 5074 |
| 003 - CONTROL NUMBER IDENTIFIER | |
| control field | FISKH |
| 005 - DATE AND TIME OF LATEST TRANSACTION | |
| control field | 20241105083358.0 |
| 008 - FIXED-LENGTH DATA ELEMENTS--GENERAL INFORMATION | |
| fixed length control field | 241105b cb ||||| |||| 00| 0 eng d |
| 020 ## - INTERNATIONAL STANDARD BOOK NUMBER | |
| International Standard Book Number | 078073004508 |
| 040 ## - CATALOGING SOURCE | |
| Original cataloging agency | FISKH |
| Language of cataloging | eng |
| Transcribing agency | FISKH |
| Modifying agency | FISKH |
| 050 ## - LIBRARY OF CONGRESS CALL NUMBER | |
| Classification number | PS430 |
| 082 ## - DEWEY DECIMAL CLASSIFICATION NUMBER | |
| Classification number | 948.022 |
| 100 ## - MAIN ENTRY--PERSONAL NAME | |
| Personal name | Deary, Terry |
| 245 ## - TITLE STATEMENT | |
| Title | The Vicious Vikings / |
| Statement of responsibility, etc. | by Terry Deary : illustrated by Martin Brown |
| 250 ## - EDITION STATEMENT | |
| Edition statement | First Scholastic printing, September 1997 |
| 260 ## - PUBLICATION, DISTRIBUTION, ETC. | |
| Place of publication, distribution, etc. | New York : |
| Name of publisher, distributor, etc. | Scholastic ; |
| Date of publication, distribution, etc. | 1994. |
| 300 ## - PHYSICAL DESCRIPTION | |
| Extent | 128 pages : |
| Other physical details | illustrations ; |
| Dimensions | 21 cm . |
| 490 ## - SERIES STATEMENT | |
| Series statement | Horrible Histories |
| 505 ## - FORMATTED CONTENTS NOTE | |
| Formatted contents note | U <br/> |
| 520 ## - SUMMARY, ETC. | |
| Summary, etc. | History. Juvenile Nonfiction. HTML:<br/>Sail back to a vicious time with fearsome seafaring Viking warriors with big boats, big shields and enormous ginger beards. Readers can discover all the foul facts about the Vicious Vikings, including Viking gods in wedding dresses, corpses on trial and Death by booby-trapped statues. With a bold, accessible new look, these bestselling titles are sure to be a huge hit with yet another generation of Terry Deary fans. Revised by the author and illustrated throughout to make Horrible Histories more accessible to young readers.<br/><br/>. |
| 521 8# - TARGET AUDIENCE NOTE | |
| Target audience note | 870 <br/><br/> |
| Source | Lexile <br/> |
| 521 8# - TARGET AUDIENCE NOTE | |
| Target audience note | U <br/> |
| Source | Raz-Plus <br/> |
| 650 ## - SUBJECT ADDED ENTRY--TOPICAL TERM | |
| Topical term or geographic name entry element | Vikings |
| Form subdivision | horrible stories |
| 700 ## - ADDED ENTRY--PERSONAL NAME | |
| Personal name | Brown, ,Martin |
| Relator term | illustrator |
| 942 ## - ADDED ENTRY ELEMENTS (KOHA) | |
| Source of classification or shelving scheme | Dewey Decimal Classification |
| Koha item type | Books |
| Suppress in OPAC | No |
| Withdrawn status | Lost status | Source of classification or shelving scheme | Damaged status | Not for loan | Collection | Home library | Current library | Shelving location | Date acquired | Total Checkouts | Full call number | Barcode | Date last seen | Price effective from | Koha item type |
|---|---|---|---|---|---|---|---|---|---|---|---|---|---|---|---|
| Dewey Decimal Classification | Non-Fiction | Footprints International School Library Network Toul Kork Campus | Footprints International School Library Network Toul Kork Campus | TTP Secondary Non-Fiction Bookshelves | 11/05/2024 | DEA 948.022 PS430 | FISSE05281 | 11/05/2024 | 11/05/2024 | Books |
